English and Indian law of torts (Record no. 79865)

MARC details
000 -LEADER
fixed length control field 00406nam a2200157Ia 4500
008 - FIXED-LENGTH DATA ELEMENTS--GENERAL INFORMATION
fixed length control field 230917s9999||||xx |||||||||||||| ||und||
040 ## - CATALOGING SOURCE
-- 184911
Original cataloging agency VIVEKANANDA LIBRARY
041 ## - Language
-- English
082 ## - DDC NUMBER
Classification number 346.03 R189E
100 ## - MAIN ENTRY--PERSONAL NAME
Personal name Ranchhoddas, Ratanlal
245 #0 - TITLE STATEMENT
Title English and Indian law of torts
250 ## - EDITION STATEMENT
Edition statement 18th ed.
260 ## - PUBLICATION, DISTRIBUTION, ETC. (IMPRINT)
Place of publication, distribution, etc Bombay
Name of publisher, distributor, etc Bombay Law Reporter Office
Date of publication, distribution, etc 1960
300 ## - PHYSICAL DESCRIPTION
Pages lxxi, 595 p.
942 ## - ADDED ENTRY ELEMENTS (KOHA)
Koha item type Books
Holdings
Withdrawn status Lost status Damaged status Not for loan Location (home branch) Sublocation or collection (holding branch) Date acquired Koha issues (times borrowed) Koha full call number Accession No. Koha date last seen Koha item type
        VIVEKANANDA LIBRARY VIVEKANANDA LIBRARY 06/06/2011   346.03 R189E 156360 17/09/2023 Books
© Designed and Maintained by Vivekananda Library, MDU Rohtak